Una gita a li castelli (Record n. 99696)

Dettagli MARC
000 -LEADER
fixed length control field 03766njm a2200553Ia 4500
001 - CONTROL NUMBER
control field 25661
003 - CONTROL NUMBER IDENTIFIER
control field IT-RoPAU
005 - DATE AND TIME OF LATEST TRANSACTION
control field 20220918181120.0
008 - FIXED-LENGTH DATA ELEMENTS--GENERAL INFORMATION
fixed length control field 131025s9999 xx 000 0 und d
040 ## - CATALOGING SOURCE
Original cataloging agency IT-RoPAU
040 ## - CATALOGING SOURCE
Transcribing agency IT-RoPAU
041 ## - LANGUAGE CODE
Language code of text/sound track or separate title ITALIANO
999 ## - SYSTEM CONTROL NUMBERS (KOHA)
Koha Dewey Subclass [OBSOLETE] n.d.
100 ## - MAIN ENTRY--PERSONAL NAME
Personal name AA.VV.
9 (RLIN) 794
100 ## - MAIN ENTRY--PERSONAL NAME
Relator term Autore musica
9 (RLIN) 13202
100 ## - MAIN ENTRY--PERSONAL NAME
Miscellaneous information Codice autore musica SPICS: 12000
9 (RLIN) 796
245 ## - TITLE STATEMENT
Title Una gita a li castelli
250 ## - EDITION STATEMENT
Edition statement 1a ed.
260 ## - PUBLICATION, DISTRIBUTION, ETC. (IMPRINT)
Place of publication, distribution, etc. MILANO
260 ## - PUBLICATION, DISTRIBUTION, ETC. (IMPRINT)
Name of publisher, distributor, etc. JOKER - W. GURTLER
Date of publication, distribution, etc. 1972 [1a Ed.:1972 - Ed. Lingua Orig.: 1972]
300 ## - PHYSICAL DESCRIPTION
Extent DISCO
500 ## - GENERAL NOTE
General note Canzone italiana. Canzone popolare folk romanesca. Castelli romani. Stornelli
505 ## - FORMATTED CONTENTS NOTE
Formatted contents note Nannì-Una gita a li castelli - Come è bello fa l'amore quanno è sera - Serenata sincera - Passione romana - Madonna dell'angeli - Lupo de fiume - Vecchia Roma - Pupo biondo - Me pizzica me mozzica - Casa mia-Casetta de Trastevere - Quanno er sole de Roma... Lascia li sette colli - Nonna
650 ## - SUBJECT ADDED ENTRY--TOPICAL TERM
Topical term or geographic name as entry element FOLK [DISCHI]
Relator term Codice MATERIA SPICS: 9950
9 (RLIN) 1209
700 ## - ADDED ENTRY--PERSONAL NAME
Personal name Amici Alvaro
Miscellaneous information Codice interprete SPICS: 7854
Relator term Interprete
9 (RLIN) 13203
700 ## - ADDED ENTRY--PERSONAL NAME
Personal name Silvestri Franco
Miscellaneous information Codice autore testo/musica SPICS: 13543
Relator term Autore testo/musica
Name of part/section of a work Nannì-Una gita a li castelli
9 (RLIN) 13204
700 ## - ADDED ENTRY--PERSONAL NAME
Personal name Simi Gino
Miscellaneous information Codice autore musica SPICS: 13456
Relator term Autore musica
Name of part/section of a work Come è bello fa l'amore quanno è sera
9 (RLIN) 13205
700 ## - ADDED ENTRY--PERSONAL NAME
Personal name Neri Ennio
Miscellaneous information Codice autore SPICS: 13457
Relator term Autore
Name of part/section of a work Come è bello fa l'amore quanno è sera - Serenata sincera
9 (RLIN) 13206
700 ## - ADDED ENTRY--PERSONAL NAME
Personal name Martelli Augusto
Miscellaneous information Codice autore testo/musica SPICS: 11006
Relator term Autore testo/musica
Name of part/section of a work Come è bello fa l'amore quanno è sera - Serenata sincera
9 (RLIN) 13207
700 ## - ADDED ENTRY--PERSONAL NAME
Personal name Derevitsky Alessandro
Miscellaneous information Codice autore musica SPICS: 13617
Relator term Autore musica
Name of part/section of a work Serenata sincera
9 (RLIN) 13208
700 ## - ADDED ENTRY--PERSONAL NAME
Personal name Balzani Romolo
Miscellaneous information Codice autore musica SPICS: 13637
Relator term Autore musica
Name of part/section of a work Passione romana
9 (RLIN) 13209
700 ## - ADDED ENTRY--PERSONAL NAME
Personal name Lupi
Miscellaneous information Codice autore SPICS: 16134
Relator term Autore
Name of part/section of a work Passione romana - Nonna
9 (RLIN) 13210
700 ## - ADDED ENTRY--PERSONAL NAME
Personal name Balilla Pratella F.
Miscellaneous information Codice autore testo/musica SPICS: 16132
Relator term Autore testo/musica
Name of part/section of a work Passione romana
9 (RLIN) 13211
700 ## - ADDED ENTRY--PERSONAL NAME
Personal name Micheli Giuseppe
Miscellaneous information Codice autore musica SPICS: 13556
Relator term Autore musica
Name of part/section of a work Madonna dell'angeli
9 (RLIN) 13212
700 ## - ADDED ENTRY--PERSONAL NAME
Personal name Rossi Carlo Alberto (Cicero)
Miscellaneous information Codice autore testo/musica SPICS: 13130
Relator term Autore testo/musica
Name of part/section of a work Madonna dell'angeli
9 (RLIN) 13213
700 ## - ADDED ENTRY--PERSONAL NAME
Personal name Balzani Romolo
Miscellaneous information Codice autore musica SPICS: 13637
Relator term Autore musica
Name of part/section of a work Lupo de fiume
9 (RLIN) 13214
700 ## - ADDED ENTRY--PERSONAL NAME
Personal name Ceccarelli
Miscellaneous information Codice autore testo/musica SPICS: 16133
Relator term Autore testo/musica
Name of part/section of a work Lupo de fiume
9 (RLIN) 13215
700 ## - ADDED ENTRY--PERSONAL NAME
Personal name Ruccione Mario
Miscellaneous information Codice autore testo/musica SPICS: 13479
Relator term Autore musica
Name of part/section of a work Vecchia Roma
9 (RLIN) 13216
700 ## - ADDED ENTRY--PERSONAL NAME
Personal name Fagiolo Maurizio
Miscellaneous information Codice autore musica SPICS: 6842
Relator term Autore musica
Name of part/section of a work Pupo biondo
9 (RLIN) 13217
700 ## - ADDED ENTRY--PERSONAL NAME
Personal name Lai Francis
Miscellaneous information Codice autore testo/musica SPICS: 10971
Relator term Autore testo/musica
Name of part/section of a work Pupo biondo
9 (RLIN) 13218
700 ## - ADDED ENTRY--PERSONAL NAME
Personal name Manfredi Nino
Miscellaneous information Codice autore musica SPICS: 11556
Relator term Autore musica
Name of part/section of a work Me pizzica me mozzica
9 (RLIN) 13219
700 ## - ADDED ENTRY--PERSONAL NAME
Personal name De Angelis Maurizio
Miscellaneous information Codice autore SPICS: 10855
Relator term Autore
Name of part/section of a work Me pizzica me mozzica - Nonna
9 (RLIN) 13220
700 ## - ADDED ENTRY--PERSONAL NAME
Personal name De Angelis Guido
Miscellaneous information Codice autore testo/musica SPICS: 10854
Relator term Autore testo/musica
Name of part/section of a work Me pizzica me mozzica
9 (RLIN) 13221
700 ## - ADDED ENTRY--PERSONAL NAME
Personal name Simeone M.
Miscellaneous information Codice autore musica SPICS: 15527
Relator term Autore musica
Name of part/section of a work Casa mia-Casetta de Trastevere
9 (RLIN) 13222
700 ## - ADDED ENTRY--PERSONAL NAME
Personal name De Torres Ferrante Alvaro
Miscellaneous information Codice autore SPICS: 13636
Relator term Autore
Name of part/section of a work Casa mia-Casetta de Trastevere
9 (RLIN) 13223
700 ## - ADDED ENTRY--PERSONAL NAME
Personal name Del Pelo Alfredo
Miscellaneous information Codice autore testo/musica SPICS: 13542
Relator term Autore testo/musica
Name of part/section of a work Casa mia-Casetta de Trastevere
9 (RLIN) 13224
700 ## - ADDED ENTRY--PERSONAL NAME
Personal name Alfieri Amleto
Miscellaneous information Codice autore testo/musica SPICS: 13722
Relator term Autore testo/musica
Name of part/section of a work Quanno er sole de Roma... Lascia li sette colli
9 (RLIN) 13225
942 ## - ADDED ENTRY ELEMENTS (KOHA)
Koha item type DISCHI
Source of classification or shelving scheme Dewey Decimal Classification
Dati di copia
Withdrawn status Lost status Damaged status Not for loan Home library Current library Date acquired Total Checkouts Full call number Date last seen Price effective from Koha item type Public note
    Buone Condizioni Not For Loan SPICS-MEDIATECA SPICS-MEDIATECA 25/10/2013   25661 25/10/2013 25/10/2013 DISCHI Progr. Ins.: 5535 / N.Vol.: 1 / Copie: 1 - Copia rara: n.d. / date import: 01.01.2014 - By Epidotti, Trombetti, Vaglietti
CREDITS: SOCIETA' SAN PAOLO Via A.Severo, 58 - ROMA (RM) & PERIODICI SAN PAOLO SRL Via Giotto, 36 MILANO & CISF Via Giotto, 36 MILANO & EDIZIONI SAN PAOLO SRL,  Piazza Soncino, 5 CINISELLO BALSAMO (MI) -- ITALY